000 00312nam a2200133Ia 4500
005 20251222144805.0
008 251222s9999||||xx |||||||||||||| ||spa||
020 _a85-271-0014-2
082 _a868.93/N64P
100 _aNitrini, Sandra
245 0 _aPoéticas en Confronto:
264 _bHUCITEC
942 _cLIB
999 _c19865
_d19865